<?xml version="1.0" encoding="UTF-8"?>
<record
    xmlns:xsi="http://www.w3.org/2001/XMLSchema-instance"
    xsi:schemaLocation="http://www.loc.gov/MARC21/slim http://www.loc.gov/standards/marcxml/schema/MARC21slim.xsd"
    xmlns="http://www.loc.gov/MARC21/slim">

  <leader>01156cam a2200205   4500500</leader>
  <controlfield tag="005">20251228065556.0</controlfield>
  <datafield tag="041" ind1=" " ind2=" ">
    <subfield code="a">fre</subfield>
  </datafield>
  <datafield tag="042" ind1=" " ind2=" ">
    <subfield code="a">dc</subfield>
  </datafield>
  <datafield tag="100" ind1="1" ind2="0">
    <subfield code="a">Deloche, Sandrine</subfield>
    <subfield code="e">author</subfield>
  </datafield>
  <datafield tag="245" ind1="0" ind2="0">
    <subfield code="a">Courts-circuits et circuits courts</subfield>
  </datafield>
  <datafield tag="260" ind1=" " ind2=" ">
    <subfield code="c">2020.
							</subfield>
  </datafield>
  <datafield tag="500" ind1=" " ind2=" ">
    <subfield code="a">89</subfield>
  </datafield>
  <datafield tag="520" ind1=" " ind2=" ">
    <subfield code="a">Une des voies de r&#xE9;sistance exigeant la sauvegarde d&#x2019;une psychiatrie humaniste consiste &#xE0; d&#xE9;fendre le soin psychique dans sa vis&#xE9;e &#xE9;cologique&#xA0;: accueillir la diversit&#xE9; du vivant, prendre soin du milieu, &#xE9;couter la singularit&#xE9; de chacun, s&#x2019;engager sur la dur&#xE9;e. En somme, la remise sur pied du dispositif sectoriel tel qu&#x2019;il fut pens&#xE9; &#xE0; son origine. Une offre locale en circuit court r&#xE9;pondant aux besoins de la cit&#xE9; et non aux attendus hors-sol d&#x2019;une manne techno-financi&#xE8;re qui nous m&#xE8;ne dans le mur.</subfield>
  </datafield>
  <datafield tag="690" ind1=" " ind2=" ">
    <subfield code="a">&#xC9;cologie</subfield>
  </datafield>
  <datafield tag="690" ind1=" " ind2=" ">
    <subfield code="a">politique de sant&#xE9;</subfield>
  </datafield>
  <datafield tag="690" ind1=" " ind2=" ">
    <subfield code="a">psychiatrique de secteur</subfield>
  </datafield>
  <datafield tag="690" ind1=" " ind2=" ">
    <subfield code="a">soin psychique</subfield>
  </datafield>
  <datafield tag="786" ind1="0" ind2=" ">
    <subfield code="n">VST - Vie sociale et traitements | 147 | 3 | 2020-07-28 | p. 87-91 | 0396-8669</subfield>
  </datafield>
  <datafield tag="856" ind1="4" ind2="1">
    <subfield code="u">https://shs.cairn.info/revue-vie-sociale-et-traitements-2020-3-page-87?lang=fr&amp;redirect-ssocas=7080</subfield>
  </datafield>
  <datafield tag="999" ind1=" " ind2=" ">
    <subfield code="c">1591821</subfield>
    <subfield code="d">1591821</subfield>
  </datafield>
</record>
